Statistics for Greek And Roman Gods

Click here to take the quiz!

General Stats

  • This quiz has been taken 3,637 times
  • The average score is 28 of 50

Answer Stats

Hint Greek Form Roman Form % Correct
God of The SkyZeusJupiter
94%
God of the UnderworldHadesPluto
94%
God of the SeasPoseidonNeptune
93%
Neptune
91%
Mars
90%
Jupiter
89%
Goddess of Love and BeautyAphroditeVenus
88%
Goddess of Wisdom and Strategic WarfareAthenaMinerva
87%
God of WarAresMars
87%
God of Light, Archery and HealingApolloApollo
86%
Venus
85%
God of Messengers and ThievesHermesMercury
83%
Pluto
83%
Goddess of MarriageHeraJuno
81%
Goddess of Hunting and Wild ThingsArtemisDiana
80%
Mercury
80%
God of Wine and CelebrationDionysusBacchus
71%
Diana
68%
Goddess of Agriculture and the SeasonsDemeterCeres
67%
God of LoveErosCupid
66%
Cupid
64%
Juno
64%
Bacchus
64%
God of Fire and the ForgesHephaestusVulcan
62%
Minerva
61%
God of the Wild, Nature and ShepherdsPanFaunus
60%
Vulcan
59%
Goddess of the HearthHestiaVesta
58%
God of the SunHeliosSol
57%
Goddess of SpringtimePersephoneProserpina
50%
God of SleepHypnosSomnus
45%
Ceres
41%
Goddess of MagicHecateTrivia
36%
Vesta
36%
Goddess of the MoonSeleneLuna
35%
Luna
32%
Sol
30%
Goddess of Balence and RevengeNemesisInvidia
29%
God of DeathThanatosLetus
28%
God of DreamsMorpheusSomnia
25%
Faunus
24%
Goddess of YouthHebeJuventas
23%
Proserpina
14%
Somnus
12%
Juventas
11%
Trivia
9%
Somnia
6%
Invidia
4%
Letus
3%

Score Distribution

Percentile by Number Answered

Percent of People with Each Score

Your Score History

You have not taken this quiz